[Event "104th ch-GBR 2017"]
[Site "Llandudno WLS"]
[Date "2017.08.05"]
[Round "8.9"]
[White "Wells, Peter K"]
[Black "Murphy, Conor E"]
[Result "1-0"]
[WhiteTitle "GM"]
[WhiteElo "2434"]
[BlackElo "2154"]
[WhiteFideId "400327"]
[BlackFideId "421669"]
[EventDate "2017.07.29"]

1. d4 d5 2. c4 e6 3. Nc3 a6 4. cxd5 exd5 5. Qb3 c6 6. e4 dxe4 7. Bc4 Qe7 8. a4
Nf6 9. Bg5 Bf5 10. Nge2 Bg6 11. Nf4 Qb4 12. Qa2 Nbd7 13. Nxg6 fxg6 14. Bf7+ Kd8
15. O-O Kc7 16. Rac1 Bd6 17. Rfd1 Qa5 18. d5 c5 19. Be6 b5 20. b4 Qxb4 21. Bd2
Qd4 22. axb5 Bxh2+ 23. Kxh2 h5 24. Bf4+ 1-0

[Event "104th ch-GBR 2017"]
[Site "Llandudno WLS"]
[Date "2017.08.05"]
[Round "8.10"]
[White "Williams, Simon K"]
[Black "Longson, Alexander"]
[Result "1-0"]
[WhiteTitle "GM"]
[BlackTitle "FM"]
[WhiteElo "2442"]
[BlackElo "2323"]
[WhiteFideId "404454"]
[BlackFideId "408093"]
[EventDate "2017.07.29"]

1. f4 d5 2. e3 Nf6 3. Nf3 Bg4 4. Be2 e6 5. b3 Bd6 6. Bb2 O-O 7. O-O Nbd7 8. Ne5
Bxe2 9. Qxe2 c6 10. Rf3 Qc7 11. Nxd7 Nxd7 12. Rh3 f5 13. Qh5 Nf6 14. Bxf6 gxf6
15. c4 Qf7 16. Qh4 Kh8 17. cxd5 cxd5 18. Nc3 a6 19. Ne2 Rg8 20. Nd4 Rg4 21. Qh5
Qxh5 22. Rxh5 Re8 23. Rc1 Rg7 24. Kf2 Rc7 25. Rg1 Bc5 26. Nf3 Bb6 27. g4 fxg4
28. Rxg4 Ree7 29. Rh6 Rg7 30. h3 Rxg4 31. hxg4 Kg7 32. g5 Rf7 33. Rh1 Rf8 34.
Kg3 Bc5 35. Kg4 Bb6 36. a4 Kg8 37. b4 Kg7 38. a5 Bd8 39. Nd4 Re8 40. f5 exf5+
41. Nxf5+ Kg8 42. Nd6 Re5 43. Nxb7 Re4+ 44. Kf3 Bc7 45. Nc5 Rxb4 46. Nxa6 Rc4
47. Nxc7 Rxc7 48. gxf6 Ra7 49. Kf4 Rxa5 50. Ke5 h5 51. d4 Ra3 52. Kf4 Ra6 53.
Rxh5 Rxf6+ 54. Ke5 Rf3 55. Rg5+ Kh7 56. Kxd5 Rxe3 57. Kd6 Kh6 58. Rg1 1-0

[Event "104th ch-GBR 2017"]
[Site "Llandudno WLS"]
[Date "2017.08.05"]
[Round "8.11"]
[White "Batchelor, Peter J"]
[Black "Haria, Ravi"]
[Result "1/2-1/2"]
[WhiteTitle "FM"]
[BlackTitle "FM"]
[WhiteElo "2309"]
[BlackElo "2417"]
[WhiteFideId "424854"]
[BlackFideId "415820"]
[EventDate "2017.07.29"]

1. Nf3 Nf6 2. d4 e6 3. c4 d5 4. g3 Be7 5. Bg2 O-O 6. O-O dxc4 7. Qc2 a6 8. Qxc4
b5 9. Qc2 Bb7 10. Bd2 Ra7 11. Rd1 Be4 12. Qc1 Nc6 13. e3 Qa8 14. Ne1 Bxg2 15.
Nxg2 e5 16. Bc3 exd4 17. Bxd4 Nxd4 18. exd4 c5 19. dxc5 Rc7 20. b4 a5 21. Nd2
axb4 22. Nb3 Nd5 23. Nf4 Nc3 24. Re1 Bxc5 25. Nxc5 Rxc5 26. Qe3 Rc4 27. Qe5 Qb8
28. Nd3 Qxe5 29. Nxe5 Rcc8 30. Nd3 Nd5 31. Rab1 Rc4 32. Rb2 Rd4 33. Ne5 Re8 34.
Kg2 g6 35. Nc6 Rde4 36. Rd1 Nc3 37. Rdd2 Ra8 38. Nxb4 Ra3 39. Nd5 Nxd5 40. Rxd5
Rea4 1/2-1/2

[Event "104th ch-GBR 2017"]
[Site "Llandudno WLS"]
[Date "2017.08.05"]
[Round "8.12"]
[White "Ogunshola, Ben"]
[Black "Houska, Jovanka"]
[Result "0-1"]
[BlackTitle "IM"]
[WhiteElo "2133"]
[BlackElo "2402"]
[WhiteFideId "8500231"]
[BlackFideId "405094"]
[EventDate "2017.07.29"]

1. c4 c6 2. Nf3 d5 3. g3 Nf6 4. Bg2 Bg4 5. cxd5 Bxf3 6. Bxf3 cxd5 7. Qb3 Qd7 8.
Nc3 e6 9. d3 Nc6 10. Bg2 Be7 11. O-O O-O 12. Bf4 Rac8 13. Rac1 h6 14. Qa4 a6 15.
Bh3 Rfd8 16. a3 Bd6 17. Bxd6 Qxd6 18. Rfd1 Rc7 19. Bg2 Rdc8 20. e4 Ne7 21. Qb4
Qxb4 22. axb4 d4 23. Ne2 Rc2 24. Rxc2 Rxc2 25. Nxd4 Rxb2 26. Rc1 Rxb4 27. Rc4
Rb1+ 28. Bf1 e5 29. Nc2 Nc6 30. f3 Ne8 31. Kf2 Nd6 32. Rc5 Rc1 33. f4 f6 34.
fxe5 fxe5 35. Bh3 Nb4 36. Be6+ Kf8 37. Ke3 Rxc2 38. Rxe5 Rc3 39. Kd4 Rxd3+ 40.
Kc5 Nc6 41. Rd5 Nxe4+ 42. Kb6 Rxd5 43. Bxd5 Nd6 44. Kc7 Ke7 45. h4 a5 46. g4 a4
47. Kb6 Nb4 0-1

[Event "104th ch-GBR 2017"]
[Site "Llandudno WLS"]
[Date "2017.08.05"]
[Round "8.13"]
[White "Adair, James R"]
[Black "Toma, Katarzyna"]
[Result "1-0"]
[WhiteTitle "IM"]
[BlackTitle "WGM"]
[WhiteElo "2481"]
[BlackElo "2252"]
[WhiteFideId "406252"]
[BlackFideId "1119907"]
[EventDate "2017.07.29"]

1. e4 c5 2. Nf3 Nc6 3. Bb5 g6 4. Bxc6 dxc6 5. d3 Bg7 6. h3 e5 7. O-O Qe7 8. a4
Nf6 9. Na3 Nd7 10. Nc4 Nf8 11. c3 h6 12. Be3 f5 13. exf5 Bxf5 14. g4 Be6 15.
Ncxe5 Bxe5 16. Nxe5 h5 17. g5 Bxh3 18. Re1 O-O-O 19. Qf3 Bf5 20. Bf4 Qe8 21. a5
Ne6 22. a6 Rd5 23. axb7+ Kxb7 24. Ra4 Nxg5 25. Qd1 c4 26. Qa1 Nh3+ 27. Kh1 Qa8
28. dxc4 Rxe5 29. Rxe5 Nxf2+ 30. Kg2 1-0

[Event "104th ch-GBR 2017"]
[Site "Llandudno WLS"]
[Date "2017.08.05"]
[Round "8.14"]
[White "Trent, Lawrence"]
[Black "Graham, David B"]
[Result "1-0"]
[WhiteTitle "IM"]
[WhiteElo "2445"]
[BlackElo "2201"]
[WhiteFideId "408638"]
[BlackFideId "408131"]
[EventDate "2017.07.29"]

1. d4 Nf6 2. Bg5 e6 3. e4 h6 4. Bxf6 Qxf6 5. c3 d6 6. Bd3 e5 7. Ne2 Nc6 8. O-O
Bg4 9. Na3 Bxe2 10. Bxe2 exd4 11. Qb3 O-O-O 12. Nb5 d3 13. Bxd3 g5 14. Rae1 Bg7
15. e5 dxe5 16. Be4 Na5 17. Nxa7+ Kb8 18. Qb5 Qb6 19. Qxb6 cxb6 20. Nb5 Nc4 21.
Re2 Nd2 22. Rfe1 Nxe4 23. Rxe4 Rd2 24. R4e2 Rhd8 25. g4 Bf8 26. Rxd2 Rxd2 27.
Rxe5 Rd8 28. Kf1 Kc8 29. h3 Bc5 30. b4 Bf8 31. Ke2 Bg7 32. Re7 Rd7 1-0

[Event "104th ch-GBR 2017"]
[Site "Llandudno WLS"]
[Date "2017.08.05"]
[Round "8.15"]
[White "Ward, Chris G"]
[Black "Kolbus, Dietmar"]
[Result "1/2-1/2"]
[WhiteTitle "GM"]
[BlackTitle "IM"]
[WhiteElo "2441"]
[BlackElo "2306"]
[WhiteFideId "400203"]
[BlackFideId "4610628"]
[EventDate "2017.07.29"]

1. d4 d5 2. c4 e6 3. Nc3 Nf6 4. cxd5 exd5 5. Bg5 Be7 6. e3 c6 7. Bd3 Nbd7 8. Qc2
Nf8 9. Nf3 Ne6 10. Bxf6 Bxf6 11. O-O-O Qd6 12. Kb1 Bd7 13. e4 Nxd4 14. Nxd4 Bxd4
15. exd5 c5 16. Rhe1+ Kf8 17. Ne4 Qb6 18. Nd2 g6 19. Nb3 Ba4 1/2-1/2

[Event "104th ch-GBR 2017"]
[Site "Llandudno WLS"]
[Date "2017.08.05"]
[Round "8.16"]
[White "Claridge-Hansen, William"]
[Black "Merry, Alan B"]
[Result "1/2-1/2"]
[WhiteTitle "FM"]
[BlackTitle "IM"]
[WhiteElo "2267"]
[BlackElo "2427"]
[WhiteFideId "422509"]
[BlackFideId "418811"]
[EventDate "2017.07.29"]

1. c4 c6 2. g3 d5 3. Nf3 Nf6 4. Bg2 Bf5 5. cxd5 cxd5 6. Qb3 Nc6 7. Qxb7 Bd7 8.
Qb3 e5 9. d3 Rb8 10. Qd1 Bb4+ 11. Nfd2 h5 12. h4 Be6 13. O-O Ng4 14. Nf3 f6 15.
a3 Bd6 16. Nc3 a5 17. e4 d4 18. Nd5 O-O 19. Nd2 Ne7 20. Nc4 Nxd5 21. exd5 Bf7
22. Bd2 Bc7 23. d6 Bxd6 24. Bxa5 Bc7 25. Bxc7 Qxc7 26. Rc1 Qe7 27. b4 f5 28. Qe2
f4 29. Bf3 Rbe8 30. Bxg4 hxg4 31. Qxg4 Bd5 32. Nb6 Be6 33. Qg5 Qb7 34. Nc4 Bh3
35. f3 Bxf1 1/2-1/2

[Event "104th ch-GBR 2017"]
[Site "Llandudno WLS"]
[Date "2017.08.05"]
[Round "8.17"]
[White "Storey, Charles H"]
[Black "Hunt, Adam C"]
[Result "0-1"]
[WhiteTitle "FM"]
[BlackTitle "IM"]
[WhiteElo "2214"]
[BlackElo "2424"]
[WhiteFideId "406686"]
[BlackFideId "403970"]
[EventDate "2017.07.29"]

1. d4 Nf6 2. c4 g6 3. Nc3 d5 4. cxd5 Nxd5 5. Bd2 Nb6 6. Nf3 Bg7 7. e3 O-O 8. h4
Bg4 9. Qc2 Nc6 10. h5 Bxf3 11. gxf3 e5 12. hxg6 hxg6 13. d5 Nb4 14. Qe4 N4xd5
15. O-O-O c6 16. Qg4 Qe7 17. Be2 Rfd8 18. Rdg1 Qd7 19. Qh4 Nf4 20. Qh7+ Kf8 21.
Rd1 Nxe2+ 22. Nxe2 Qe7 23. Rh4 Qc5+ 24. Nc3 Nc4 25. Ne4 Qb5 26. b3 Nxd2 27. Nxd2
e4 28. Rxe4 Qa5 29. Rd4 Rxd4 30. exd4 Qc3+ 31. Kb1 Qxd4 0-1

[Event "104th ch-GBR 2017"]
[Site "Llandudno WLS"]
[Date "2017.08.05"]
[Round "8.18"]
[White "McPhillips, Joseph"]
[Black "Horton, Jamie A"]
[Result "1/2-1/2"]
[WhiteTitle "FM"]
[WhiteElo "2400"]
[BlackElo "2178"]
[WhiteFideId "422487"]
[BlackFideId "421472"]
[EventDate "2017.07.29"]

1. a3 d5 2. Nf3 Nf6 3. e3 e6 4. c4 Be7 5. b3 O-O 6. Bb2 Nbd7 7. g3 c6 8. Bg2 b6
9. O-O Bb7 10. d3 Rc8 11. Qc2 Qc7 12. Nbd2 Rfe8 13. Rac1 Qb8 14. Qb1 Rcd8 15.
Rfd1 Bd6 16. d4 Qa8 17. Nh4 Bf8 18. b4 c5 19. cxd5 Bxd5 20. Bxd5 Nxd5 21. dxc5
bxc5 22. bxc5 Nxc5 23. Bd4 Rc8 24. Nhf3 h6 25. Qa1 Nd7 26. Nc4 N5b6 27. Nfe5
Nxe5 28. Nxe5 Rxc1 29. Rxc1 Rc8 30. Rxc8 Qxc8 31. a4 Qb7 32. a5 Nd5 33. a6 Qb5
34. Bxa7 Nb4 35. Qd4 Nxa6 36. Qe4 Nc5 37. Bxc5 Qxc5 38. Kg2 Qc7 39. Nf3 Be7 40.
Qa8+ Kh7 41. Qe4+ Kg8 42. Ne5 Bf6 43. Nd3 Be7 44. Qf3 Bf6 45. Qa8+ Kh7 46. Ne1
Qd7 47. Nf3 Qd8 48. Qb7 Qe7 49. Qc6 Qa7 50. Nd2 Be7 51. Nc4 Qc5 52. Qe4+ Qf5 53.
Qb7 Qc5 54. Qb1+ Kg8 55. Qe4 Qc7 56. h3 h5 57. Ne5 Bf6 58. Nd3 g6 59. Nf4 Bg7
60. Qf3 Be5 61. Nd3 Bg7 62. Qe4 Qd7 63. Qa8+ Kh7 64. Nc5 Qe7 65. Ne4 Qf8 66.
Ng5+ Kg8 67. Qb7 Bf6 68. Ne4 Qd8 69. Qc6 Bg7 70. Nd6 Bf8 71. Ne4 Bg7 72. Qb7 Bf8
73. Nc3 Bg7 74. Ne2 Be5 75. f4 Bd6 76. Qc6 Bf8 77. h4 1/2-1/2

[Event "104th ch-GBR 2017"]
[Site "Llandudno WLS"]
[Date "2017.08.05"]
[Round "8.20"]
[White "Shaw, Peter"]
[Black "Fitzsimons, David"]
[Result "1-0"]
[BlackTitle "FM"]
[WhiteElo "2103"]
[BlackElo "2352"]
[WhiteFideId "411361"]
[BlackFideId "2501961"]
[EventDate "2017.07.29"]

1. d4 Nf6 2. c4 e6 3. Nf3 d5 4. Nc3 dxc4 5. e3 a6 6. Bxc4 b5 7. Bb3 Bb7 8. O-O
c5 9. Qe2 Nbd7 10. Rd1 Bd6 11. a3 O-O 12. h3 Qb6 13. Bc2 Rfd8 14. dxc5 Bxc5 15.
b4 Bd6 16. Bb2 Bxf3 17. gxf3 Ne5 18. Ne4 Nxe4 19. Bxe4 Rab8 20. f4 Nc4 21. Bd4
Qc7 22. Qh5 g6 23. Qh4 Be7 24. Qg3 Rxd4 25. exd4 Bd6 26. d5 Bxf4 27. Qf3 e5 28.
Ra2 f5 29. d6 Nxd6 30. Qb3+ Kh8 31. Rc2 Qe7 32. Bg2 Nc4 33. Qd3 e4 34. Qd7 Re8
35. Qxe7 Rxe7 36. Bf1 Nxa3 37. Ra2 Nc4 38. Bxc4 bxc4 39. Rxa6 Rc7 40. b5 c3 41.
Rc6 c2 42. Rd8+ Kg7 43. Rxc7+ Bxc7 44. Rd7+ 1-0

[Event "104th ch-GBR 2017"]
[Site "Llandudno WLS"]
[Date "2017.08.05"]
[Round "8.21"]
[White "Gallagher, Daniel GH"]
[Black "Pritchett, Craig W"]
[Result "1-0"]
[BlackTitle "IM"]
[WhiteElo "2147"]
[BlackElo "2326"]
[WhiteFideId "436550"]
[BlackFideId "2400065"]
[EventDate "2017.07.29"]

1. e4 c5 2. Nf3 e6 3. d4 cxd4 4. Nxd4 a6 5. Nc3 Qc7 6. g3 d6 7. Bg2 Be7 8. O-O
Nf6 9. Be3 Nc6 10. Nxc6 bxc6 11. Na4 Rb8 12. c4 c5 13. b3 O-O 14. Qe2 Bb7 15.
Nc3 Nd7 16. Rfd1 Ne5 17. Rac1 Nc6 18. f4 Bf6 19. Qf2 Nd4 20. Ne2 Nxe2+ 21. Qxe2
Rfd8 22. Rd3 Bc6 23. Rcd1 a5 24. R1d2 Be7 25. Qd1 Re8 26. f5 Bf8 27. Bf4 Qb7 28.
Bxd6 Bxd6 29. Rxd6 Bxe4 30. fxe6 Rxe6 31. Rd8+ Re8 32. Rxb8 1-0

[Event "104th ch-GBR 2017"]
[Site "Llandudno WLS"]
[Date "2017.08.05"]
[Round "8.22"]
[White "Moore, Graham J"]
[Black "Rudd, Jack"]
[Result "1-0"]
[BlackTitle "IM"]
[WhiteElo "2155"]
[BlackElo "2252"]
[WhiteFideId "441988"]
[BlackFideId "405736"]
[EventDate "2017.07.29"]

1. e4 e5 2. f4 exf4 3. Bc4 d5 4. Bxd5 Nf6 5. Nc3 Nxd5 6. Nxd5 g5 7. h4 c6 8. Nc3
Rg8 9. d4 gxh4 10. Bxf4 Rxg2 11. Qd3 Bg4 12. Kf1 Rxg1+ 13. Kxg1 Na6 14. Kh2 Nc7
15. d5 Qd7 16. Qd4 O-O-O 17. Qxa7 Bd6 18. Rhf1 Bxf4+ 19. Rxf4 Qd6 20. Rf1 c5 21.
Na4 Na6 22. Kh1 f5 23. Nb6+ Kc7 24. Nc4 Qg6 25. Ne5 Qe8 26. Nxg4 Ra8 27. d6+ Kc6
28. Ne5+ Kxd6 29. Qb6+ Kxe5 30. Rxf5+ Kxe4 31. Qxb7+ Ke3 32. Qf3+ Kd2 33. Qd3# 1-0

[Event "104th ch-GBR 2017"]
[Site "Llandudno WLS"]
[Date "2017.08.05"]
[Round "8.23"]
[White "Richardson, John R"]
[Black "Moreby, James"]
[Result "1/2-1/2"]
[WhiteTitle "FM"]
[WhiteElo "2237"]
[BlackElo "2149"]
[WhiteFideId "401617"]
[BlackFideId "427756"]
[EventDate "2017.07.29"]

1. d4 d5 2. c4 e6 3. Nc3 c6 4. e4 dxe4 5. Nxe4 Bb4+ 6. Bd2 Qxd4 7. Bxb4 Qxe4+ 8.
Be2 Nd7 9. Nf3 c5 10. Bc3 Ngf6 11. Qd6 Qc6 12. Qxc6 bxc6 13. Nd2 Ba6 14. Bf3 Rc8
15. O-O-O Ke7 16. g4 Rhd8 17. b3 Kf8 18. g5 Nd5 19. cxd5 cxd5 20. Rhe1 Nb6 21.
Ba5 c4 22. Bxb6 axb6 23. bxc4 Bxc4 24. Kb2 b5 25. Nb3 Ra8 26. Be2 Rdb8 27. Bd3
Ra4 28. Re3 Rba8 29. Bb1 Bxb3 30. Rxb3 Rg4 31. Rxb5 Rxg5 32. Rd4 Rg2 33. Rf4 Rd8
34. Rb7 f6 35. h3 e5 36. Rf5 e4 37. Ka1 Rg1 38. Rb5 d4 39. Rfd5 Rxd5 40. Rxd5 e3
41. fxe3 dxe3 42. Rd8+ Kf7 43. Rd7+ Kf8 1/2-1/2

[Event "104th ch-GBR 2017"]
[Site "Llandudno WLS"]
[Date "2017.08.05"]
[Round "8.24"]
[White "Merriman, John"]
[Black "Richardson, Alex"]
[Result "1/2-1/2"]
[WhiteElo "2221"]
[BlackElo "2147"]
[WhiteFideId "402362"]
[BlackFideId "408239"]
[EventDate "2017.07.29"]

1. d4 Nf6 2. c4 e6 3. Nc3 Bb4 4. e3 O-O 5. Ne2 d5 6. a3 Be7 7. Nf4 c6 8. cxd5
exd5 9. Bd3 a5 10. O-O Na6 11. f3 Nc7 12. g4 Ne6 13. Nce2 g6 14. Bd2 c5 15. Rc1
c4 16. Bb1 b5 17. h3 b4 18. axb4 axb4 19. Qe1 Qb6 20. Qf2 Bb7 21. h4 Ne8 22. h5
g5 23. Ng2 h6 24. Ng3 N8g7 25. Be1 Ba6 26. Qc2 f5 27. gxf5 b3 28. Qf2 c3 29.
bxc3 Bxf1 30. Qxf1 Nc7 31. e4 Ra1 32. Bf2 Ba3 33. Rd1 Nb5 34. Qd3 Rc8 35. Be1
Bb2 36. f6 Bxc3 37. Bf2 Bxd4 38. fxg7 Rc3 39. Qd2 Bxf2+ 40. Qxf2 Qxf2+ 41. Kxf2
d4 42. e5 Rxb1 43. Rxb1 Na3 44. Rd1 Rc2+ 45. Ne2 d3 46. Rxd3 b2 47. Rb3 b1=Q 48.
Rxb1 Nxb1 49. Ne1 Ra2 50. Ke3 Kxg7 51. Ng3 Nc3 52. Nf5+ Kh7 53. Nd3 Ra4 54. Nd4
Nd5+ 55. Ke4 Ne7 56. Nc5 Rc4 57. Nb3 Kg7 58. Kd3 Rb4 59. Nc5 1/2-1/2

[Event "104th ch-GBR 2017"]
[Site "Llandudno WLS"]
[Date "2017.08.05"]
[Round "8.25"]
[White "Willmoth, Robert F"]
[Black "Sun, Xinyue"]
[Result "1-0"]
[WhiteTitle "CM"]
[BlackTitle "WFM"]
[WhiteElo "2211"]
[BlackElo "2132"]
[WhiteFideId "402540"]
[BlackFideId "8600813"]
[EventDate "2017.07.29"]

1. d4 Nf6 2. c4 e6 3. g3 d5 4. Bg2 dxc4 5. Qa4+ Bd7 6. Qxc4 Bc6 7. Nf3 Bd6 8.
Nc3 a6 9. Qd3 b5 10. a3 Nbd7 11. O-O Bb7 12. Rd1 c5 13. Bg5 Qb6 14. e4 cxd4 15.
Nxd4 Ne5 16. Qe2 Nfd7 17. Be3 Bc5 18. b4 Bxd4 19. Bxd4 Qc7 20. f4 Nc6 21. Bxg7
Rg8 22. Nd5 exd5 23. exd5+ Ne7 24. d6 Qb6+ 25. Rd4 O-O-O 26. dxe7 Rde8 27. Rc1+
Kb8 28. Be5+ Nxe5 29. Qxe5+ Ka8 30. Bxb7+ Kxb7 31. Qd5+ Ka7 32. Rc6 Qb7 33. Qc5+
Ka8 34. Rc7 Rc8 35. Rxb7 Rxc5 36. bxc5 Kxb7 37. Rd8 1-0

[Event "104th ch-GBR 2017"]
[Site "Llandudno WLS"]
[Date "2017.08.05"]
[Round "8.26"]
[White "Kalavannan, Koby"]
[Black "Jackson, Sheila"]
[Result "1-0"]
[BlackTitle "WGM"]
[WhiteElo "2175"]
[BlackElo "2125"]
[WhiteFideId "425753"]
[BlackFideId "402508"]
[EventDate "2017.07.29"]

1. d4 d5 2. Nf3 Nf6 3. c4 c6 4. Nbd2 Bf5 5. Nh4 Bg6 6. Qb3 Qb6 7. Qh3 Nbd7 8.
Nxg6 fxg6 9. e3 c5 10. cxd5 Nxd5 11. Nc4 Qf6 12. Ne5 Nxe5 13. dxe5 Qf5 14. Bb5+
Kf7 15. g4 Qe4 16. O-O a6 17. Be2 e6 18. f4 Be7 19. Bf3 Qc4 20. f5 g5 21. Qh5+
g6 22. fxg6+ hxg6 23. Be2+ Qf4 24. exf4 gxh5 25. fxg5+ Kg7 26. gxh5 Raf8 27. Bd2
Rxf1+ 28. Rxf1 Rf8 29. Rxf8 Bxf8 30. Bd3 b5 31. h6+ Kh8 32. b3 Nb4 33. Bxb4 cxb4
34. Kg2 Bc5 35. Kf3 Bg1 36. h4 Bh2 37. Ke4 Bg3 38. Be2 Kg8 39. Bh5 a5 40. Be8 a4
41. Bxb5 axb3 42. axb3 Kf7 43. Be8+ Kg8 44. Bd7 Kf7 45. Bxe6+ Kxe6 46. g6 Bxe5
47. g7 1-0

[Event "104th ch-GBR 2017"]
[Site "Llandudno WLS"]
[Date "2017.08.05"]
[Round "8.27"]
[White "Smith, Andrew Philip"]
[Black "Jones, Steven A"]
[Result "1/2-1/2"]
[WhiteTitle "FM"]
[WhiteElo "2146"]
[BlackElo "2171"]
[WhiteFideId "2500833"]
[BlackFideId "419630"]
[EventDate "2017.07.29"]

1. d4 Nf6 2. c4 e6 3. Nf3 Bb4+ 4. Bd2 Qe7 5. g3 Nc6 6. Bg2 Bxd2+ 7. Nbxd2 O-O 8.
O-O d6 9. e4 e5 10. d5 Nb8 11. b4 a5 12. a3 Na6 13. Qb3 c6 14. Rfc1 cxd5 15.
cxd5 axb4 16. axb4 Bg4 17. Nc4 Rac8 18. Nfd2 Be2 19. Ne3 Rxc1+ 20. Rxc1 Qd7 21.
Nf5 Bg4 22. Ne3 Rc8 23. Rxc8+ Qxc8 24. Ndc4 Ne8 25. Nxg4 Qxg4 26. Qa4 Kf8 27.
Na5 Qe2 28. Nxb7 Qe1+ 29. Bf1 Nxb4 30. Nd8 Ke7 31. Nc6+ Nxc6 32. dxc6 Qc3 33.
Qa7+ Kf8 34. Qb7 g6 35. h4 h5 36. Kh2 Qc2 37. Bg2 Kg7 38. Kg1 Kf8 39. Bf3 Kg7
40. Qd7 Kf8 41. Kg2 Qc4 42. Qb7 Qc2 43. Kg1 Kg7 44. Qd7 1/2-1/2

[Event "104th ch-GBR 2017"]
[Site "Llandudno WLS"]
[Date "2017.08.05"]
[Round "8.28"]
[White "Gaudeau, Valentin"]
[Black "Lam, Paul G M"]
[Result "1-0"]
[WhiteElo "2170"]
[BlackElo "2111"]
[WhiteFideId "662216"]
[BlackFideId "411566"]
[EventDate "2017.07.29"]

1. d4 Nc6 2. Nf3 d6 3. e4 Nf6 4. Nc3 Bg4 5. Be3 d5 6. e5 Ne4 7. h3 Nxc3 8. bxc3
Bxf3 9. Qxf3 e6 10. Bd3 Qd7 11. O-O Na5 12. Rab1 a6 13. c4 Be7 14. cxd5 exd5 15.
Bd2 Nc6 16. c3 b5 17. Qg3 O-O 18. Bh6 g6 19. Bxf8 Bxf8 20. f4 Re8 21. f5 Kh8 22.
Rbe1 Bg7 23. a3 Nd8 24. Rf3 c5 25. Qh4 Kg8 26. Ref1 cxd4 27. cxd4 Qa7 28. Kh1
Nc6 29. e6 fxe6 30. f6 Bxf6 31. Qxf6 Nxd4 32. Bxg6 Nxf3 33. Bxe8 1-0

[Event "104th ch-GBR 2017"]
[Site "Llandudno WLS"]
[Date "2017.08.05"]
[Round "8.29"]
[White "Longson, Sarah N"]
[Black "Gayson, Peter M"]
[Result "1/2-1/2"]
[WhiteTitle "WFM"]
[WhiteElo "2074"]
[BlackElo "2160"]
[WhiteFideId "2501465"]
[BlackFideId "401838"]
[EventDate "2017.07.29"]

1. e4 c5 2. Nf3 e6 3. d4 cxd4 4. Nxd4 Nf6 5. Nc3 Nc6 6. Ndb5 Bb4 7. a3 Bxc3+ 8.
Nxc3 d5 9. exd5 exd5 10. Bd3 O-O 11. O-O d4 12. Ne2 Bg4 13. f3 Bh5 14. Bg5 Qd6
15. Qd2 Rfe8 16. Qf4 Rad8 17. Qxd6 Rxd6 18. Nf4 Bg6 19. Nxg6 hxg6 20. Rad1 Ne5
21. Rfe1 Rde6 22. Kf1 Nxd3 23. Rxe6 fxe6 24. Rxd3 e5 25. c3 dxc3 26. Rxc3 Re7
27. Bh4 Rd7 28. Rc8+ Kf7 29. Ke1 a6 30. Bg5 Ke6 31. Ke2 Kf7 32. h4 Ke6 33. b4 1/2-1/2

[Event "104th ch-GBR 2017"]
[Site "Llandudno WLS"]
[Date "2017.08.05"]
[Round "8.30"]
[White "Stewart, Ashley"]
[Black "Zakarian, David"]
[Result "0-1"]
[BlackTitle "FM"]
[WhiteElo "2111"]
[BlackElo "2360"]
[WhiteFideId "419001"]
[BlackFideId "13301276"]
[EventDate "2017.07.29"]

1. c4 e6 2. g3 Nf6 3. Bg2 d5 4. Nf3 c5 5. d4 cxd4 6. O-O dxc4 7. Qa4+ Nc6 8.
Nxd4 Qxd4 9. Bxc6+ Bd7 10. Bxd7+ Qxd7 11. Qxc4 Rc8 12. Qb3 Bc5 13. Nc3 O-O 14.
Bg5 Rc6 15. Rad1 Qc7 16. Bxf6 gxf6 17. Rd3 Qb6 18. Qxb6 Bxb6 19. Rd7 Rc7 20.
Rfd1 Rfc8 21. Kg2 f5 22. Kf3 a6 23. h3 Ba5 24. e3 Bxc3 25. bxc3 Kf8 26. g4 fxg4+
27. hxg4 Ke8 28. Rxc7 Rxc7 29. Rb1 Kd7 30. Ke4 b5 31. Kd3 Rc4 32. f4 Ra4 33. Rb2
e5 34. fxe5 Rxg4 35. e4 h5 36. Rh2 h4 37. Kd4 Ke6 38. Rf2 Rg6 39. Ke3 h3 40. Rd2
Ke7 41. Rh2 Rh6 42. Kf2 Ke6 43. Kg1 Kxe5 44. Kh1 Kxe4 45. a4 Kd3 46. axb5 axb5
47. Rf2 Kxc3 48. Rxf7 b4 49. Kh2 b3 50. Rc7+ Kd2 51. Rb7 Kc2 52. Rc7+ Kb1 53.
Rb7 Rc6 54. Rb8 0-1

[Event "104th ch-GBR 2017"]
[Site "Llandudno WLS"]
[Date "2017.08.05"]
[Round "8.31"]
[White "Brozel, Sacha"]
[Black "Dineley, Richard"]
[Result "0-1"]
[WhiteElo "2097"]
[BlackElo "2269"]
[WhiteFideId "429317"]
[BlackFideId "1800680"]
[EventDate "2017.07.29"]

1. g3 c5 2. c4 Nc6 3. Nc3 g6 4. Bg2 Bg7 5. Nf3 d6 6. O-O Qd7 7. d3 b6 8. Bd2 Bb7
9. a3 e6 10. Rb1 Nge7 11. b4 O-O 12. Qa4 Rfd8 13. Rfc1 h6 14. e3 Kh7 15. Nd1 Nd4
16. Qxd7 Nxf3+ 17. Bxf3 Rxd7 18. Bxb7 Rxb7 19. Bc3 Rd7 20. Bxg7 Kxg7 21. Nc3 Rc8
22. Na4 f5 23. Rb2 cxb4 24. Rxb4 Nc6 25. Rb3 Na5 26. Rbc3 Rdc7 27. Kf1 Kf6 28.
Ke2 Ke7 29. Kd2 d5 30. Nb2 b5 31. c5 Rxc5 32. Rxc5 Nb3+ 33. Kd1 Rxc5 34. Rxc5
Nxc5 35. Kc2 a5 36. Kc3 Kd6 37. f4 Nd7 38. Nd1 e5 39. d4 e4 40. Nb2 Nf6 41. Nd1
Ng4 42. h3 Nf6 43. Nf2 Nd7 44. Nd1 Nb6 45. Nb2 Ke6 46. h4 Kf6 47. Kb3 Ke6 48.
Kc3 Kd6 49. Kb3 Kc6 50. Kc3 Nd7 51. Nd1 Nf6 52. Nf2 Kd6 53. Kb3 Nd7 54. Nd1 Nb6
55. Nb2 Ke7 56. Kc3 Kf6 57. Kb3 g5 58. h5 g4 59. Kc2 Ke6 60. Kb3 Kd6 61. Kc2 Kc6
62. Kb3 Nd7 63. Nd1 Nf6 64. Nf2 Nxh5 65. Nh1 Nf6 66. Nf2 Nd7 0-1

[Event "104th ch-GBR 2017"]
[Site "Llandudno WLS"]
[Date "2017.08.05"]
[Round "8.32"]
[White "Verma, Aditya"]
[Black "Golding, Alex"]
[Result "0-1"]
[WhiteElo "2071"]
[BlackElo "2222"]
[WhiteFideId "426202"]
[BlackFideId "427241"]
[EventDate "2017.07.29"]

1. e4 c5 2. Nf3 a6 3. d4 cxd4 4. Nxd4 Nf6 5. Nc3 e5 6. Nde2 Bb4 7. a3 Ba5 8. Bd2
Bb6 9. h3 Nc6 10. g4 d5 11. Bg5 h6 12. Bxf6 Qxf6 13. Rh2 dxe4 14. Nxe4 Qg6 15.
Nd6+ Ke7 16. Nc3 Ba5 17. Nc4 Bxc3+ 18. bxc3 Rd8 19. Qe2 Be6 20. Ne3 Rac8 21. Rb1
Na5 22. c4 Kf8 23. Qf3 Bxc4 24. Bxc4 Nxc4 25. Rxb7 Nd2 26. Qg2 e4 27. f4 Qc6 28.
Rb4 Nf3+ 29. Kf1 Qc3 30. Qe2 Nxh2+ 0-1